Statistics for Every The Chiffons song that hit the Billboard hot 100

Click here to take the quiz!

General Stats

  • This quiz has been taken 3 times
  • The average score is 4 of 10

Answer Stats

Peak Chart PositionYearSong% Correct
11963He's So Fine
100%
51963One Fine Day
67%
101966Sweet Talkin' Guy
67%
401963A Love So Fine
67%
491965Nobody Knows What's Goin' On (In My Mind But Me)
67%
361964I Have A Boyfriend
33%
671966Out Of This World
0%
761960Tonight's The Night
0%
811964Sailor Boy
0%
851966Stop, Look And Listen
0%

Score Distribution

Percentile by Number Answered

Percent of People with Each Score

Your Score History

You have not taken this quiz